| 000 | 01037naa a2200277 c 4500 | ||
|---|---|---|---|
| 001 | 37645 | ||
| 003 | ES-MaCES | ||
| 005 | 20070322134800.0 | ||
| 008 | 070322n2006 sp t ||0 | spa d | ||
| 035 | _aCES20070001630v | ||
| 040 |
_aES-MaCES _bspa _cES-MaCES |
||
| 100 | 1 |
_aGonzález Fernández, María Belén _913803 |
|
| 245 | 1 | 0 |
_aSobre las medidas comunitarias de compesación y asistencia a los usuarios del transporte aéreo _cMaría Belén González Fernández |
| 650 | 4 |
_aderecho comunitario _929866 |
|
| 650 | 4 |
_amedida proteccionista _927997 |
|
| 650 | 4 |
_areclamación _928266 |
|
| 650 | 4 |
_asatisfacción del cliente _930713 |
|
| 650 | 4 |
_aservicio al cliente _930719 |
|
| 650 | 4 |
_aconsumidor _927902 |
|
| 650 | 4 |
_atransporte aéreo _928048 |
|
| 653 | 1 | 0 | _aTransporte-Comunicaciones |
| 773 | 0 |
_tEstudios sobre consumo _gaño 19, n. 79 extraor.(2006){10419 R. 066748}; p. 35-46 _w(ES-MaCES)25429 _957312 |
|
| 902 | _aART Artículo de revista | ||
| 942 |
_2CES _cAR _h5.2. |
||
| 999 |
_c37645 _d37645 |
||